003040000a220007300045001000016000002450126000163000059001427730029002011 aMaust, John10aEducation of the heart : The Latin American School in Cartagena, Colombia, paris quality education with christian witness aVol. 74, Num. 2 (Enero-Febrero, 1994), Páginas 18-190 tLatin America Evangelist